[Event "OP-2011-0-01602"]
[Site "LSS email"]
[Date "2011.06.19"]
[Round "?"]
[White "Ferluga, Sergio"]
[Black "Molano Lafuente, Ismael"]
[Result "0-1"]
[WhiteElo "1234"]
[BlackElo "1306"]
[PlyCount "24"]
[EventDate "2011.06.17"]
[EventType "tourn (corr)"]
[EventRounds "4"]
[EventCountry "GER"]
[SourceTitle "Corr 2015"]
[Source "ChessBase"]
[SourceDate "2015.07.17"]
[SourceVersion "1"]
[SourceVersionDate "2015.07.17"]
[SourceQuality "1"]

1. d4 Nf6 2. c4 Nc6 3. Nc3 e5 4. d5 Ne7 5. Nf3 Ng6 6. h4 d6 7. h5 Ne7 8. e4 h6 9. Be2 c6 10. 0-0 Nxh5 11. Nxe5 Ng3 12. fxg3 Qb6+ 0-1

[Event "OP-2011-0-01602"]
[Site "LSS email"]
[Date "2011.06.19"]
[Round "?"]
[White "Linart, Ludvik"]
[Black "Ferluga, Sergio"]
[Result "1-0"]
[WhiteElo "941"]
[BlackElo "1234"]
[PlyCount "25"]
[EventDate "2011.06.17"]
[EventType "tourn (corr)"]
[EventRounds "4"]
[EventCountry "GER"]
[SourceTitle "Corr 2015"]
[Source "ChessBase"]
[SourceDate "2015.07.17"]
[SourceVersion "1"]
[SourceVersionDate "2015.07.17"]
[SourceQuality "1"]

1. d4 f5 2. Nf3 g6 3. Nc3 Nf6 4. Bg5 d5 5. Bxf6 exf6 6. e3 c6 7. a3 Bd6 8. Be2 0-0 9. 0-0 Nd7 10. Na2 f4 11. c4 fxe3 12. c5 exf2+ 13. Rxf2 1-0

[Event "OP-2011-0-01578"]
[Site "LSS email"]
[Date "2011.06.07"]
[Round "?"]
[White "Ferluga, Sergio"]
[Black "Heineccius, August"]
[Result "0-1"]
[WhiteElo "1261"]
[BlackElo "1071"]
[PlyCount "39"]
[EventDate "2011.06.03"]
[EventType "tourn (corr)"]
[EventRounds "4"]
[EventCountry "GER"]
[SourceTitle "Telechess CBM 151"]
[Source "ChessBase"]
[SourceDate "2012.11.13"]
[SourceVersion "1"]
[SourceVersionDate "2012.11.13"]
[SourceQuality "1"]

1. e4 Nc6 2. Nf3 e5 3. Bb5 d6 4. d4 Bd7 5. Nc3 Nf6 6. Bxc6 Bxc6 7. Qd3 Be7 8. dxe5 dxe5 9. Nxe5 0-0 10. Nxc6 bxc6 11. Qxd8 Rfxd8 12. Bf4 Nh5 13. Bxc7 Rdc8 14. Be5 f6 15. Bd4 Rd8 16. Be3 Bb4 17. g4 g6 18. gxh5 g5 19. h4 g4 20. Rg1 0-1

[Event "OP-2011-0-01578"]
[Site "LSS email"]
[Date "2011.06.07"]
[Round "?"]
[White "Linart, Ludvik"]
[Black "Ferluga, Sergio"]
[Result "0-1"]
[WhiteElo "1347"]
[BlackElo "1595"]
[PlyCount "36"]
[EventDate "2011.06.03"]
[EventType "tourn (corr)"]
[EventRounds "4"]
[EventCountry "GER"]
[SourceTitle "Corr 2022"]
[Source "ChessBase"]
[SourceDate "2021.10.24"]
[SourceVersion "1"]
[SourceVersionDate "2021.10.24"]
[SourceQuality "1"]

1. d4 d5 2. Bg5 f6 3. Bf4 Nc6 4. e3 e5 5. dxe5 fxe5 6. Bg3 Nf6 7. Bb5 Bb4+ 8. c3 Bd6 9. Nf3 0-0 10. Bxc6 bxc6 11. Nxe5 Bxe5 12. Bxe5 Ne4 13. 0-0 Ba6 14. Re1 Rxf2 15. Na3 Qg5 16. Bg3 Raf8 17. Bxf2 Rxf2 18. g3 Qh6 0-1

[Event "OP-2011-0-01534"]
[Site "LSS email"]
[Date "2011.05.17"]
[Round "?"]
[White "Ferluga, Sergio"]
[Black "Koci, Vlastimil"]
[Result "0-1"]
[WhiteElo "1234"]
[BlackElo "1189"]
[PlyCount "78"]
[EventDate "2011.05.14"]
[EventType "tourn (corr)"]
[EventRounds "4"]
[EventCountry "GER"]
[SourceTitle "Telechess CBM 145"]
[Source "Chessbase"]
[SourceDate "2011.11.11"]
[SourceVersion "1"]
[SourceVersionDate "2011.11.11"]
[SourceQuality "1"]

1. d4 d5 2. c4 e6 3. Nf3 Nf6 4. g3 Be7 5. Bg2 0-0 6. 0-0 dxc4 7. Qc2 Nc6 8. Qxc4 Qd5 9. Qxd5 exd5 10. Nc3 Bg4 11. Bf4 Rac8 12. Ne5 Be6 13. Nxc6 bxc6 14. Rac1 Bd6 15. Bg5 Nd7 16. e4 Nb6 17. exd5 Bxd5 18. Nxd5 cxd5 19. Rfe1 Rfe8 20. b3 Rxe1+ 21. Rxe1 c5 22. Bh3 Rf8 23. dxc5 Bxc5 24. Rc1 Bd4 25. Rc7 Ra8 26. Kf1 a5 27. Bf4 a4 28. b4 h6 29. Rc6 Re8 30. Bg4 g5 31. Bc7 Nc4 32. Rxh6 Kg7 33. Ra6 Nd2+ 34. Kg2 Re1 35. a3 Rf1 36. f4 Rf2+ 37. Kh3 Nf1 38. Bd7 Rxh2+ 39. Kg4 Ne3+ 0-1

[Event "OP-2011-0-01534"]
[Site "LSS email"]
[Date "2011.05.17"]
[Round "?"]
[White "Sukhorskij, Vladimir Stanislavo"]
[Black "Ferluga, Sergio"]
[Result "1-0"]
[WhiteElo "1982"]
[BlackElo "1234"]
[PlyCount "91"]
[EventDate "2011.05.14"]
[EventType "tourn (corr)"]
[EventRounds "4"]
[EventCountry "GER"]
[SourceTitle "Telechess CBM 145"]
[Source "Chessbase"]
[SourceDate "2011.11.11"]
[SourceVersion "1"]
[SourceVersionDate "2011.11.11"]
[SourceQuality "1"]

1. e4 c5 2. Nf3 d6 3. d4 cxd4 4. Nxd4 Nf6 5. Nc3 Nc6 6. Bg5 e6 7. Qd2 a6 8. 0-0-0 Bd7 9. f4 b5 10. Bxf6 gxf6 11. Kb1 Qb6 12. Nxc6 Bxc6 13. Qe1 Be7 14. Bd3 Rg8 15. Rd2 Rg7 16. g3 b4 17. Ne2 f5 18. exf5 Bxh1 19. Qxh1 d5 20. fxe6 fxe6 21. f5 Qe3 22. Rd1 Bf6 23. Qe1 Qe5 24. Qxb4 Rb8 25. Qa4+ Kf8 26. c3 exf5 27. Nd4 Rb6 28. Qa5 Rgb7 29. Nb3 Kg8 30. Bxa6 Rb8 31. Bd3 Bg5 32. Bc2 Rb5 33. Qa7 R8b7 34. Qf2 f4 35. Re1 Qf6 36. Bd3 R5b6 37. h4 Bh6 38. gxf4 Rb8 39. f5 Kh8 40. Bc2 Bg7 41. h5 Qf7 42. Qe2 Rh6 43. Qd3 Rxh5 44. a4 Rh6 45. a5 Ra8 46. Qb5 1-0

[Event "BI-2011-P-00023"]
[Site "LSS email"]
[Date "2011.04.17"]
[Round "?"]
[White "Ferluga, Sergio"]
[Black "Fels, Bernhard"]
[Result "0-1"]
[WhiteElo "1261"]
[BlackElo "2029"]
[PlyCount "44"]
[EventDate "2011.04.20"]
[EventType "tourn (corr)"]
[EventRounds "10"]
[EventCountry "GER"]
[SourceTitle "Telechess CBM 151"]
[Source "ChessBase"]
[SourceDate "2012.11.13"]
[SourceVersion "1"]
[SourceVersionDate "2012.11.13"]
[SourceQuality "1"]

1. d4 d5 2. c4 Nc6 3. cxd5 Qxd5 4. e3 e5 5. Nc3 Bb4 6. Bd2 Bxc3 7. Bxc3 exd4 8. Ne2 Bg4 9. f3 0-0-0 10. Nxd4 Be6 11. Qa4 Nge7 12. Qxa7 Nxa7 13. Ke2 Nac6 14. Nxc6 Qxc6 15. Kf2 Nd5 16. Be5 Nxe3 17. Kg3 Nf5+ 18. Kh3 h5 19. Bf4 h4 20. Bh6 Rxh6 21. Kg4 Rd4+ 22. f4 Ne3+ 0-1

[Event "BI-2011-P-00023"]
[Site "LSS email"]
[Date "2011.04.17"]
[Round "?"]
[White "Ferluga, Sergio"]
[Black "Lund, Jens Dahlen"]
[Result "0-1"]
[WhiteElo "1261"]
[BlackElo "2105"]
[PlyCount "116"]
[EventDate "2011.04.20"]
[EventType "tourn (corr)"]
[EventRounds "10"]
[EventCountry "GER"]
[SourceTitle "Telechess CBM 151"]
[Source "ChessBase"]
[SourceDate "2012.11.13"]
[SourceVersion "1"]
[SourceVersionDate "2012.11.13"]
[SourceQuality "1"]

1. d4 Nf6 2. c4 e6 3. Nc3 d5 4. Bg5 Be7 5. Nf3 h6 6. Bxf6 Bxf6 7. e3 0-0 8. Be2 Nc6 9. 0-0 b6 10. cxd5 exd5 11. Qa4 Bb7 12. Bd3 a6 13. Ne2 Qd6 14. a3 Ne7 15. Nf4 c5 16. Nh5 c4 17. Nxf6+ Qxf6 18. Bc2 Nc6 19. Bb1 Bc8 20. Qc2 g6 21. b3 b5 22. Qc3 Re8 23. Bc2 Bg4 24. Bd1 Kg7 25. h3 Bf5 26. Be2 a5 27. Qb2 a4 28. b4 h5 29. Rac1 g5 30. Nh2 Rh8 31. Qd2 Qe6 32. Nf3 g4 33. Ng5 Qg6 34. e4 dxe4 35. d5 Ne5 36. Qc3 Qf6 37. Qe3 Rhe8 38. Rfd1 Nd3 39. Rc2 Rad8 40. d6 Qxd6 41. Qa7 Rd7 42. Qe3 f6 43. Rcd2 fxg5 44. hxg4 hxg4 45. Bxd3 cxd3 46. Qxg5+ Qg6 47. Qf4 Rh8 48. f3 gxf3 49. Qe5+ Qf6 50. Qc5 Rh5 51. g3 Qh6 52. Qe5+ Kf7 53. Qxf5+ Rxf5 54. Rh2 Qe3+ 55. Rf2 Rh5 56. Rdf1 d2 57. g4 d1Q 58. gxh5 Qxf1+ 0-1

[Event "BI-2011-P-00023"]
[Site "LSS email"]
[Date "2011.04.17"]
[Round "?"]
[White "Gamb, Roper"]
[Black "Ferluga, Sergio"]
[Result "1-0"]
[WhiteElo "2002"]
[BlackElo "1261"]
[PlyCount "63"]
[EventDate "2011.04.20"]
[EventType "tourn (corr)"]
[EventRounds "10"]
[EventCountry "GER"]
[SourceTitle "Telechess CBM 151"]
[Source "ChessBase"]
[SourceDate "2012.11.13"]
[SourceVersion "1"]
[SourceVersionDate "2012.11.13"]
[SourceQuality "1"]

1. e4 c6 2. d4 d5 3. e5 Bf5 4. Nc3 Qb6 5. g4 Bd7 6. Na4 Qc7 7. Bf4 Qa5+ 8. c3 Na6 9. b4 Nxb4 10. Nc5 Na6 11. Nxd7 Qxc3+ 12. Bd2 Qxd4 13. Qb1 b5 14. e6 fxe6 15. Nf3 Qa4 16. Nde5 Nf6 17. Nxc6 Nc7 18. Bd3 Nxg4 19. Rg1 Nf6 20. Nfe5 Ne4 21. Ba5 Qa3 22. Bxe4 dxe4 23. Bxc7 Qc3+ 24. Ke2 a5 25. Qxb5 Qc2+ 26. Kf1 Qd3+ 27. Nxd3 Kf7 28. Nde5+ Kg8 29. Qc4 h5 30. Qxe6+ Kh7 31. Rg5 h4 32. Rh5# 1-0

[Event "SD-2011-0-00093"]
[Site "LSS email"]
[Date "2011.04.16"]
[Round "?"]
[White "Metz, Larry R"]
[Black "Ferluga, Sergio"]
[Result "1-0"]
[WhiteElo "1475"]
[BlackElo "1261"]
[PlyCount "79"]
[EventDate "2011.03.06"]
[EventType "tourn (corr)"]
[EventRounds "6"]
[EventCountry "GER"]
[SourceTitle "Telechess CBM 149"]
[Source "ChessBase"]
[SourceDate "2012.07.17"]
[SourceVersion "1"]
[SourceVersionDate "2012.07.17"]
[SourceQuality "1"]

1. d4 g6 2. e4 Bg7 3. Nf3 d6 4. Nc3 Nf6 5. Be2 0-0 6. 0-0 c6 7. h3 Nbd7 8. Re1 Qc7 9. Bg5 Nb6 10. Qd2 Be6 11. Bh6 Bc4 12. Bxg7 Kxg7 13. e5 Nfd5 14. b3 Nxc3 15. Qxc3 Bxe2 16. Rxe2 dxe5 17. Rxe5 f6 18. Re6 Nd5 19. Qd2 Nf4 20. Re4 g5 21. h4 h6 22. Rae1 Rae8 23. g3 Nd5 24. hxg5 fxg5 25. Nxg5 e5 26. Rxe5 Rxe5 27. Rxe5 Nf4 28. Qe3 Qc8 29. Re7+ Kg6 30. Qe5 Qf5 31. Rg7+ Kh5 32. Nh7 Qxe5 33. dxe5 Ng6 34. f4 a5 35. Nf6+ Rxf6 36. exf6 Nf8 37. f7 Ne6 38. Rg8 b5 39. Kg2 c5 40. f8Q 1-0

[Event "SD-2011-0-00093"]
[Site "LSS email"]
[Date "2011.04.15"]
[Round "?"]
[White "Ferluga, Sergio"]
[Black "Schalkwijk, Peter H"]
[Result "1/2-1/2"]
[WhiteElo "1261"]
[BlackElo "1403"]
[PlyCount "46"]
[EventDate "2011.03.06"]
[EventType "tourn (corr)"]
[EventRounds "6"]
[EventCountry "GER"]
[SourceTitle "Telechess CBM 149"]
[Source "ChessBase"]
[SourceDate "2012.07.17"]
[SourceVersion "1"]
[SourceVersionDate "2012.07.17"]
[SourceQuality "1"]

1. d4 d5 2. c4 dxc4 3. Nf3 c5 4. d5 e6 5. e4 exd5 6. exd5 Nf6 7. Bxc4 Bd6 8. Qe2+ Qe7 9. Qxe7+ Kxe7 10. 0-0 Re8 11. Nc3 Bg4 12. Ng5 h6 13. f3 Bf5 14. Nge4 Nxe4 15. Nxe4 Bxe4 16. fxe4 Nd7 17. Bd2 Be5 18. Rab1 Bd4+ 19. Kh1 Ne5 20. Bb5 Rf8 21. Bf4 Rad8 22. b4 b6 23. bxc5 bxc5 1/2-1/2

[Event "SC-2011-0-00098"]
[Site "LSS email"]
[Date "2011.04.13"]
[Round "?"]
[White "Ferluga, Sergio"]
[Black "Hillebrand, Carsten"]
[Result "0-1"]
[WhiteElo "1261"]
[BlackElo "1621"]
[PlyCount "23"]
[EventDate "2011.03.19"]
[EventType "tourn (corr)"]
[EventRounds "6"]
[EventCountry "GER"]
[SourceTitle "Corr 2015"]
[Source "ChessBase"]
[SourceDate "2015.07.17"]
[SourceVersion "1"]
[SourceVersionDate "2015.07.17"]
[SourceQuality "1"]

1. e4 c5 2. Nc3 d6 3. Nge2 e5 4. Nd5 Nc6 5. Nec3 Nge7 6. Bc4 Nxd5 7. Nxd5 Be6 8. 0-0 Be7 9. d3 0-0 10. a4 Rb8 11. f4 exf4 12. Bxf4 0-1

[Event "BI-2010-F-00013"]
[Site "LSS email"]
[Date "2011.02.21"]
[Round "?"]
[White "Grabowski, Benedykt"]
[Black "Ferluga, Sergio"]
[Result "1-0"]
[WhiteElo "1957"]
[BlackElo "1261"]
[PlyCount "117"]
[EventDate "2011.02.24"]
[EventType "tourn (corr)"]
[EventRounds "10"]
[EventCountry "GER"]
[SourceTitle "Telechess CBM 149"]
[Source "ChessBase"]
[SourceDate "2012.07.17"]
[SourceVersion "1"]
[SourceVersionDate "2012.07.17"]
[SourceQuality "1"]

1. e4 Nf6 2. e5 Nd5 3. d4 d6 4. Nf3 g6 5. Bc4 Nb6 6. Bb3 Bg7 7. 0-0 dxe5 8. Nxe5 0-0 9. Nc3 Nc6 10. Nxc6 bxc6 11. Bf4 Qxd4 12. Qxd4 Bxd4 13. Rfe1 e6 14. Bxc7 Ba6 15. Be5 c5 16. Bxd4 cxd4 17. Ne2 Rfd8 18. Rad1 d3 19. cxd3 Bxd3 20. f3 Bxe2 21. Rxd8+ Rxd8 22. Rxe2 a5 23. Kf2 Kg7 24. f4 h5 25. Bc2 Nd5 26. g3 Nb4 27. Bb1 Kf6 28. a3 Nd5 29. Rd2 Ke7 30. Kf3 Kd6 31. Ba2 Kc5 32. Bb3 Kb5 33. Rd4 Kc5 34. Rc4+ Kb5 35. Rc1 Nb6 36. Bd1 Rd3+ 37. Ke2 Rd5 38. Rc7 Rd7 39. Rxd7 Nxd7 40. Kd3 e5 41. fxe5 Nxe5+ 42. Kd4 f6 43. Kd5 a4 44. Be2+ Kb6 45. Ke6 h4 46. g4 Kc5 47. g5 Nc6 48. gxf6 Nd4+ 49. Kd7 Nc6 50. f7 Ne5+ 51. Ke6 Nxf7 52. Kxf7 g5 53. Kf6 h3 54. Kxg5 Kc6 55. Bg4 Kc5 56. Bxh3 Kd6 57. Kf6 Kc6 58. Be6 Kc7 59. h4 1-0

[Event "BI-2010-F-00013"]
[Site "LSS email"]
[Date "2011.02.21"]
[Round "?"]
[White "Topot, Iwan"]
[Black "Ferluga, Sergio"]
[Result "1-0"]
[WhiteElo "1738"]
[BlackElo "1261"]
[PlyCount "65"]
[EventDate "2011.02.24"]
[EventType "tourn (corr)"]
[EventRounds "10"]
[EventCountry "GER"]
[SourceTitle "Telechess CBM 149"]
[Source "ChessBase"]
[SourceDate "2012.07.17"]
[SourceVersion "1"]
[SourceVersionDate "2012.07.17"]
[SourceQuality "1"]

1. e4 e5 2. Nf3 Nc6 3. Bb5 Nf6 4. 0-0 Nxe4 5. d4 Nd6 6. dxe5 Nxb5 7. a4 Nbd4 8. Nxd4 Nxd4 9. Qxd4 d5 10. Nc3 c6 11. Be3 Bf5 12. f4 Qb6 13. Qxb6 axb6 14. Bxb6 Bxc2 15. a5 Bb4 16. Rfc1 Bb3 17. Na4 Bd2 18. Nc5 Be3+ 19. Kh1 Bxc5 20. Bxc5 Kd7 21. Kg1 Ke6 22. Rc3 Bc4 23. Kf2 g6 24. g4 h5 25. f5+ Kd7 26. b3 Ba6 27. e6+ fxe6 28. fxe6+ Kxe6 29. Re1+ Kd7 30. Re7+ Kd8 31. Rf3 Kc8 32. Bd4 Rd8 33. Be5 1-0

[Event "SD-2011-0-00085"]
[Site "LSS email"]
[Date "2011.02.11"]
[Round "?"]
[White "Casser, Aaron"]
[Black "Ferluga, Sergio"]
[Result "1-0"]
[WhiteElo "1428"]
[BlackElo "1224"]
[PlyCount "101"]
[EventDate "2011.01.19"]
[EventType "tourn (corr)"]
[EventRounds "6"]
[EventCountry "GER"]
[SourceTitle "Telechess CBM 147"]
[Source "ChessBase"]
[SourceDate "2012.03.16"]
[SourceVersion "1"]
[SourceVersionDate "2012.03.16"]
[SourceQuality "1"]

1. e4 c5 2. Nf3 d6 3. d4 cxd4 4. Nxd4 Nf6 5. Nc3 Nc6 6. Bg5 e6 7. Qd2 a6 8. 0-0-0 Qb6 9. Nb3 Be7 10. f3 0-0 11. g4 Qc7 12. h4 Rd8 13. Bxf6 Bxf6 14. g5 Be7 15. f4 d5 16. e5 b5 17. Bg2 b4 18. Ne2 a5 19. Nbd4 a4 20. h5 a3 21. b3 Nxd4 22. Nxd4 Bc5 23. g6 Ba6 24. gxh7+ Kh8 25. h6 g6 26. Rh2 Rdc8 27. Bf1 Bb7 28. Nf3 Be7 29. Bd3 Qc5 30. Rg2 Rf8 31. Bxg6 fxg6 32. Rxg6 Rae8 33. Rg7 Ba6 34. Rdg1 Bd8 35. Rg8+ Rxg8 36. hxg8R+ Rxg8 37. Rxg8+ Kxg8 38. Qg2+ Kf7 39. Qg7+ Ke8 40. h7 Be7 41. h8Q+ Kd7 42. Qf7 Kc7 43. Qhe8 Qe3+ 44. Kb1 Qc5 45. Nd4 Bc8 46. Qfxe7+ Qxe7 47. Qxe7+ Bd7 48. Nxe6+ Kb8 49. Qxd7 d4 50. Nc5 d3 51. Qb7# 1-0

[Event "SD-2011-0-00084"]
[Site "LSS email"]
[Date "2011.02.02"]
[Round "?"]
[White "Ferluga, Sergio"]
[Black "Ballero, Andrea"]
[Result "0-1"]
[WhiteElo "1261"]
[BlackElo "1579"]
[PlyCount "112"]
[EventDate "2011.01.12"]
[EventType "tourn (corr)"]
[EventRounds "6"]
[EventCountry "GER"]
[SourceTitle "Telechess CBM 157"]
[Source "ChessBase"]
[SourceDate "2013.11.12"]
[SourceVersion "1"]
[SourceVersionDate "2013.11.12"]
[SourceQuality "1"]

1. d4 d5 2. c4 dxc4 3. e4 e5 4. Nf3 exd4 5. Bxc4 Nc6 6. 0-0 Be6 7. Bb5 Bc5 8. Nbd2 Nge7 9. Ng5 Qd7 10. Nxe6 Qxe6 11. Nb3 Qd6 12. Bf4 Qxf4 13. Nxc5 0-0 14. Rc1 a6 15. g3 Qh6 16. Be2 Rfd8 17. f4 d3 18. Bxd3 b6 19. Nb3 Nb4 20. Rf3 Qd6 21. e5 Qd7 22. Qf1 Nxa2 23. Rd1 g6 24. Be2 Qc6 25. Rxd8+ Rxd8 26. Bxa6 Nb4 27. Rc3 Qd7 28. Bc4 c5 29. Re3 Qa7 30. e6 b5 31. exf7+ Kf8 32. Rxe7 Qxe7 33. Bxb5 Nc2 34. Qe2 Qxe2 35. Bxe2 Nd4 36. Bc4 Nxb3 37. Bxb3 Rb8 38. Bd5 Rxb2 39. Be6 Rc2 40. Kf1 c4 41. Ke1 c3 42. Kd1 Rxh2 43. Kc1 h5 44. Bd5 Rh3 45. Kc2 Rxg3 46. Kb3 h4 47. Kc2 h3 48. Kb3 h2 49. Kc2 Rg1 50. Kxc3 h1Q 51. Bxh1 Rxh1 52. Kd4 Kxf7 53. Ke4 Kf6 54. Kf3 Kf5 55. Ke3 Re1+ 56. Kf3 Re4 0-1

[Event "SD-2011-0-00084"]
[Site "LSS email"]
[Date "2011.02.02"]
[Round "?"]
[White "Ferluga, Sergio"]
[Black "Nicolaescu, Nicolae"]
[Result "0-1"]
[WhiteElo "1261"]
[BlackElo "1516"]
[PlyCount "61"]
[EventDate "2011.01.12"]
[EventType "tourn (corr)"]
[EventRounds "6"]
[EventCountry "GER"]
[SourceTitle "Telechess CBM 157"]
[Source "ChessBase"]
[SourceDate "2013.11.12"]
[SourceVersion "1"]
[SourceVersionDate "2013.11.12"]
[SourceQuality "1"]

1. d4 f5 2. Bg5 g6 3. Nd2 Bg7 4. Ngf3 Nf6 5. Bxf6 Bxf6 6. e3 d5 7. c4 c6 8. h4 Nd7 9. cxd5 cxd5 10. Rc1 b6 11. Bb5 Bb7 12. Qb3 e6 13. Qa4 a6 14. Bxd7+ Qxd7 15. Qb4 Qd8 16. h5 Rc8 17. Rc3 Rxc3 18. Qxc3 0-0 19. hxg6 hxg6 20. Ne5 Bxe5 21. dxe5 Qc8 22. Nf3 Qxc3+ 23. bxc3 f4 24. Kd2 fxe3+ 25. Kxe3 Rc8 26. Kd3 Bc6 27. Nd4 Bd7 28. Rh3 Kg7 29. Rf3 Rf8 30. Rxf8 Kxf8 31. g4 0-1

[Event "SD-2011-0-00083"]
[Site "LSS email"]
[Date "2011.01.28"]
[Round "?"]
[White "Ferluga, Sergio"]
[Black "Ballero, Andrea"]
[Result "1/2-1/2"]
[WhiteElo "1224"]
[BlackElo "1509"]
[PlyCount "42"]
[EventDate "2011.01.02"]
[EventType "tourn (corr)"]
[EventRounds "6"]
[EventCountry "GER"]
[SourceTitle "Telechess CBM 147"]
[Source "ChessBase"]
[SourceDate "2012.03.16"]
[SourceVersion "1"]
[SourceVersionDate "2012.03.16"]
[SourceQuality "1"]

1. e4 c5 2. Nf3 d6 3. g3 g6 4. Bg2 Bg7 5. 0-0 Nc6 6. Re1 Bg4 7. h3 Bxf3 8. Bxf3 e6 9. d3 Nge7 10. c3 0-0 11. Na3 Qd7 12. Bg2 Rab8 13. Nc2 d5 14. exd5 Nxd5 15. a4 Rfd8 16. Qe2 Na5 17. Ra3 Rbc8 18. Bg5 Re8 19. Rd1 h6 20. Bd2 Red8 21. Ne3 Nxe3 1/2-1/2

[Event "LSS SD-2010-0-00082"]
[Site "LSS email"]
[Date "2011.01.26"]
[Round "?"]
[White "Kerecsenyi, Zoltan"]
[Black "Ferluga, Sergio"]
[Result "1-0"]
[WhiteElo "1558"]
[BlackElo "1224"]
[PlyCount "123"]
[EventDate "2010.12.17"]
[EventType "tourn (corr)"]
[EventRounds "6"]
[EventCountry "GER"]
[SourceTitle "Telechess CBM 147"]
[Source "ChessBase"]
[SourceDate "2012.03.16"]
[SourceVersion "1"]
[SourceVersionDate "2012.03.16"]
[SourceQuality "1"]

1. e4 c5 2. Nf3 d6 3. d4 cxd4 4. Nxd4 Nf6 5. Nc3 a6 6. Bg5 e6 7. f4 Nbd7 8. Qf3 Qc7 9. Be2 b5 10. a3 Be7 11. f5 e5 12. Nb3 Bb7 13. h4 0-0 14. Qg3 h6 15. Bxh6 Ne8 16. h5 Kh7 17. Be3 Ndf6 18. Bd3 Rg8 19. Nd2 Kh8 20. 0-0-0 Bf8 21. Nf3 b4 22. Nh4 g5 23. hxg6 Nh7 24. Nf3 fxg6 25. Rxh7+ Qxh7 26. Ng5 Qh5 27. Be2 bxc3 28. Bxh5 gxh5 29. Nf7+ Kh7 30. Qh4 Rg7 31. Qxh5+ Kg8 32. Nh6+ Kh8 33. Rh1 Nf6 34. Qe2 Nxe4 35. Ng4+ Rh7 36. Rxh7+ Kxh7 37. Qc4 Bd5 38. Qc7+ Kg8 39. f6 Kh8 40. bxc3 Re8 41. Qd7 Rb8 42. c4 Bxc4 43. Qc7 Ra8 44. Qxc4 Ng3 45. Bg5 Rb8 46. Bh6 Bxh6+ 47. Nxh6 Kh7 48. Qc7+ Kxh6 49. Qxb8 Kg6 50. Qxd6 Nh5 51. Qxe5 Nxf6 52. c4 Ng4 53. Qe6+ Nf6 54. c5 Kg5 55. c6 Nh7 56. c7 Nf8 57. Qxa6 Nd7 58. c8Q Ne5 59. Qg8+ Kf4 60. g3+ Ke3 61. Qge6 Kf2 62. Qxe5 1-0